000 00855nam a2200277 a 4500
001 BRCA_3667
005 20190320204356.0
008 010909s1962----nyua---###---#000-0#eng-#
041 _aeng
044 _anyu
050 4 _aN7101
_b.B68 1962
100 1 _aBottineau, Yves
_92541
245 1 0 _aThe wonders of Spain
_cText and notes by Yves Bottineau ; introduction by Jacques Lafaye ; tr. by Katherine Delavenay.
260 _aNew York
_bViking
_c1962
300 _a284 p.
_bil., 164 làminas, 1 mapa.
_c32 cm.
440 0 _aA Studio Book
_99521
500 _aIncluye índice alfabético
500 _aB320
650 1 4 _aArte español
_92063
650 1 4 _aArte
_xHistoria
_99522
651 4 _aEspaña
_xDescripción y viajes
_97912
700 1 _aLafaye, Jacques
_97911
700 1 _aDelavenay, Katherine
_etr
_99523
902 _aGFM
942 _2lcc
_cB
999 _c3399
_d3399